[Event "DEM U12 2018"]
[Site "Willingen GER"]
[Date "2018.05.20"]
[Round "1"]
[White "Bui, Bao Anh Le"]
[Black "Lehmann, Nils"]
[Result "1-0"]
[Termination "normal"]
[Board "2"]
[WhiteElo "1974"]
[BlackElo "1558"]
[WhiteClock "00:05:04"]
[BlackClock "00:46:11"]
[PlyCount "121"]
[WhiteFideId "12970719"]
[BlackFideId "12982610"]
[EventCountry "GER"]
[EventRounds "11"]
[EventType "swiss"]
[EventDate "2018.05.19"]

1. e4 {[%clk 1:15:44]} 1... e5 {[%clk 1:15:55]} 2. Nf3 {[%clk 1:16:05]} 2...
Nc6 {[%clk 1:16:21]} 3. Bc4 {[%clk 1:16:31]} 3... Bc5 {[%clk 1:16:47]} 4. c3 {
[%clk 1:16:55]} 4... Nf6 {[%clk 1:17:13]} 5. d3 {[%clk 1:17:21]} 5... d6 {
[%clk 1:16:08]} 6. Bb3 {[%clk 1:17:45]} 6... a6 {[%clk 1:16:33]} 7. Nbd2 {
[%clk 1:18:10]} 7... Ba7 {[%clk 1:16:57]} 8. h3 {[%clk 1:18:35]} 8... O-O {
[%clk 1:15:05]} 9. Nf1 {[%clk 1:18:37]} 9... d5 {[%clk 1:07:50]} 10. Qe2 {
[%clk 1:18:15]} 10... h6 {[%clk 1:01:30]} 11. Ng3 {[%clk 1:18:27]} 11... Re8 {
[%clk 1:01:16]} 12. O-O {[%clk 1:17:39]} 12... Be6 {[%clk 1:00:12]} 13. Re1 {
[%clk 1:09:25]} 13... dxe4 {[%clk 0:58:06]} 14. dxe4 {[%clk 1:09:40]} 14...
Bxb3 {[%clk 0:58:27]} 15. axb3 {[%clk 1:09:58]} 15... Qe7 {[%clk 0:56:11]} 16.
Nf5 {[%clk 1:08:50]} 16... Qe6 {[%clk 0:56:30]} 17. N3h4 {[%clk 1:06:02]} 17...
Kh7 {[%clk 0:51:35]} 18. Qd3 {[%clk 0:43:56]} 18... Ne7 {[%clk 0:49:54]} 19.
Nxe7 {[%clk 0:39:23]} 19... Rxe7 {[%clk 0:50:16]} 20. Nf5 {[%clk 0:39:34]}
20... Ree8 {[%clk 0:50:07]} 21. Qg3 {[%clk 0:37:53]} 21... Nh5 {[%clk 0:47:22]}
22. Qh4 {[%clk 0:32:05]} 22... Qg6 {[%clk 0:45:19]} 23. Rd1 {[%clk 0:29:15]}
23... Nf6 {[%clk 0:39:26]} 24. Rd3 {[%clk 0:19:01]} 24... Qh5 {[%clk 0:38:57]}
25. Qxh5 {[%clk 0:02:11]} 25... Nxh5 {[%clk 0:39:20]} 26. Rd7 {[%clk 0:02:12]}
26... Rad8 {[%clk 0:37:40]} 27. Rxf7 {[%clk 0:01:40]} 27... Rd1+ { [%clk
0:37:56]} 28. Kh2 {[%clk 0:02:06]} 28... Bxf2 {[%clk 0:38:24]} 29. g4 { [%clk
0:02:32]} 29... Bg1+ {[%clk 0:38:24]} 30. Kg2 {[%clk 0:02:27]} 30... Nf4+
{[%clk 0:38:23]} 31. Bxf4 {[%clk 0:02:46]} 31... Rxa1 {[%clk 0:38:47]} 32.
Rxg7+ {[%clk 0:03:11]} 32... Kh8 {[%clk 0:39:12]} 33. Bxh6 {[%clk 0:03:09]}
33... Bb6 34. Ne7 {[%clk 0:02:17]} 34... Rxe7 {[%clk 0:36:49]} 35. Rxe7 { [%clk
0:02:44]} 35... Rb1 {[%clk 0:37:09]} 36. Bg7+ {[%clk 0:01:03]} 36... Kg8 {[%clk
0:37:28]} 37. Bxe5 {[%clk 0:01:17]} 37... Rxb2+ {[%clk 0:37:53]} 38. Kg3 {[%clk
0:01:20]} 38... Rxb3 {[%clk 0:37:50]} 39. Rd7 {[%clk 0:00:51]} 39... Ba5 {[%clk
0:38:13]} 40. Rd3 {[%clk 0:00:45]} 40... b5 {[%clk 0:38:24]} 41. Rf3 { [%clk
0:00:52]} 41... c5 {[%clk 0:38:02]} 42. g5 {[%clk 0:01:06]} 42... b4 { [%clk
0:37:40]} 43. cxb4 {[%clk 0:15:23]} 43... Rxf3+ {[%clk 0:53:02]} 44. Kxf3
{[%clk 0:15:52]} 44... cxb4 {[%clk 0:53:08]} 45. g6 {[%clk 0:14:36]} 45... b3 {
[%clk 0:53:12]} 46. h4 {[%clk 0:13:19]} 46... Bd2 {[%clk 0:52:28]} 47. Bb2 {
[%clk 0:13:18]} 47... a5 {[%clk 0:52:09]} 48. Ke2 {[%clk 0:13:20]} 48... Bb4 {
[%clk 0:52:32]} 49. h5 {[%clk 0:11:05]} 49... Bf8 {[%clk 0:53:01]} 50. Kd3 {
[%clk 0:07:26]} 50... a4 {[%clk 0:53:28]} 51. e5 {[%clk 0:07:13]} 51... a3 {
[%clk 0:53:48]} 52. Bd4 {[%clk 0:07:24]} 52... Bh6 {[%clk 0:49:46]} 53. e6 {
[%clk 0:05:13]} 53... Kf8 {[%clk 0:49:03]} 54. Bc5+ {[%clk 0:05:07]} 54... Ke8
{[%clk 0:48:50]} 55. Bxa3 {[%clk 0:05:12]} 55... Bg7 {[%clk 0:49:19]} 56. Bd6 {
[%clk 0:03:13]} 56... Kd8 {[%clk 0:49:30]} 57. Bf4 {[%clk 0:03:22]} 57... Ke7 {
[%clk 0:46:07]} 58. h6 {[%clk 0:03:42]} 58... Bxh6 {[%clk 0:45:59]} 59. Bxh6 {
[%clk 0:04:11]} 59... Kxe6 {[%clk 0:46:20]} 60. g7 {[%clk 0:04:37]} 60... Kf7 {
[%clk 0:46:11]} 61. Kc3 {[%clk 0:05:04]} 1-0

[Event "DEM U12 2018"]
[Site "Willingen GER"]
[Date "2018.05.20"]
[Round "1"]
[White "Halabi, Ibrahim"]
[Black "Eilenberg, Jonas"]
[Result "0-1"]
[Termination "normal"]
[Board "3"]
[WhiteElo "1701"]
[BlackElo "1852"]
[WhiteClock "00:00:42"]
[BlackClock "00:46:44"]
[PlyCount "62"]
[WhiteFideId "16241754"]
[BlackFideId "16204271"]
[EventCountry "GER"]
[EventRounds "11"]
[EventType "swiss"]
[EventDate "2018.05.19"]

1. e4 {[%clk 1:15:59]} 1... e6 {[%clk 1:15:49]} 2. d4 {[%clk 1:16:14]} 2... d5
{[%clk 1:16:07]} 3. e5 {[%clk 1:16:34]} 3... c5 {[%clk 1:16:24]} 4. c3 { [%clk
1:16:57]} 4... Nc6 {[%clk 1:16:47]} 5. Nf3 {[%clk 1:17:20]} 5... Qb6 { [%clk
1:16:57]} 6. Be2 {[%clk 1:17:31]} 6... f6 {[%clk 1:15:35]} 7. O-O { [%clk
1:12:40]} 7... fxe5 {[%clk 1:15:05]} 8. dxe5 {[%clk 1:12:49]} 8... Nge7 { [%clk
1:13:30]} 9. Bd3 {[%clk 1:06:27]} 9... g6 {[%clk 1:12:29]} 10. Re1 { [%clk
1:01:29]} 10... Bg7 {[%clk 1:12:32]} 11. Nbd2 {[%clk 0:49:17]} 11... O-O {[%clk
1:12:41]} 12. Nf1 {[%clk 0:43:54]} 12... c4 {[%clk 1:11:54]} 13. Bc2 { [%clk
0:36:06]} 13... Nxe5 {[%clk 1:11:10]} 14. Nd4 {[%clk 0:24:54]} 14... N5c6
{[%clk 1:09:43]} 15. Nf3 {[%clk 0:20:17]} 15... Bd7 {[%clk 1:03:11]} 16. Rb1 {
[%clk 0:20:16]} 16... Qc7 {[%clk 1:02:11]} 17. Ng3 {[%clk 0:19:58]} 17... Kh8 {
[%clk 1:00:07]} 18. h4 {[%clk 0:18:11]} 18... e5 {[%clk 0:59:08]} 19. h5 {
[%clk 0:17:07]} 19... Bg4 {[%clk 0:55:21]} 20. Qd2 {[%clk 0:13:22]} 20... Bxf3
{[%clk 0:52:30]} 21. gxf3 {[%clk 0:13:52]} 21... d4 {[%clk 0:50:26]} 22. h6 {
[%clk 0:12:41]} 22... Bf6 {[%clk 0:50:19]} 23. Ne4 {[%clk 0:12:19]} 23... d3 {
[%clk 0:49:36]} 24. Bd1 {[%clk 0:12:44]} 24... Nd5 {[%clk 0:49:12]} 25. b3 {
[%clk 0:10:57]} 25... b5 {[%clk 0:48:55]} 26. Ba3 {[%clk 0:10:41]} 26... Nf4 {
[%clk 0:47:59]} 27. Bxf8 {[%clk 0:08:13]} 27... Rxf8 {[%clk 0:48:24]} 28. a4 {
[%clk 0:05:57]} 28... Qd7 {[%clk 0:47:33]} 29. Nxf6 {[%clk 0:02:13]} 29... Rxf6
{[%clk 0:47:01]} 30. Re4 {[%clk 0:01:30]} 30... Qh3 {[%clk 0:46:44]} 31. Rxf4 {
[%clk 0:00:42]} 31... Rxf4 0-1

[Event "DEM U12 2018"]
[Site "Willingen GER"]
[Date "2018.05.20"]
[Round "1"]
[White "Schulemann, Gero"]
[Black "Tham, Nam"]
[Result "0-1"]
[Termination "normal"]
[Board "5"]
[WhiteElo "1700"]
[BlackElo "1866"]
[WhiteClock "00:21:24"]
[BlackClock "00:15:27"]
[PlyCount "84"]
[WhiteFideId "16227646"]
[BlackFideId "12997331"]
[EventCountry "GER"]
[EventRounds "11"]
[EventType "swiss"]
[EventDate "2018.05.19"]

1. e4 {[%clk 1:15:54]} 1... e5 {[%clk 1:15:50]} 2. Bc4 {[%clk 1:16:18]} 2...
Nf6 {[%clk 1:15:58]} 3. Nf3 {[%clk 1:16:21]} 3... d5 {[%clk 1:04:38]} 4. exd5 {
[%clk 1:14:21]} 4... e4 {[%clk 0:59:51]} 5. Nd4 {[%clk 1:05:47]} 5... Bc5 {
[%clk 0:59:27]} 6. Nb3 {[%clk 1:05:14]} 6... Bb6 {[%clk 0:59:33]} 7. Nc3 {
[%clk 1:04:13]} 7... O-O {[%clk 0:59:36]} 8. O-O {[%clk 1:02:37]} 8... Re8 {
[%clk 0:58:43]} 9. h3 {[%clk 0:58:41]} 9... Nbd7 {[%clk 0:56:32]} 10. d3 {
[%clk 0:53:10]} 10... exd3 {[%clk 0:50:39]} 11. Bxd3 {[%clk 0:52:25]} 11... Ne5
{[%clk 0:50:36]} 12. Bg5 {[%clk 0:51:30]} 12... Nxd3 {[%clk 0:45:58]} 13. Qxd3
{[%clk 0:51:44]} 13... Re5 {[%clk 0:45:55]} 14. Bxf6 {[%clk 0:45:02]} 14...
Qxf6 {[%clk 0:46:17]} 15. Rad1 {[%clk 0:38:18]} 15... Bf5 {[%clk 0:46:10]} 16.
Qd2 {[%clk 0:37:59]} 16... Qg6 {[%clk 0:45:26]} 17. Kh2 {[%clk 0:36:15]} 17...
Bxc2 {[%clk 0:40:31]} 18. Rde1 {[%clk 0:35:45]} 18... Rg5 {[%clk 0:38:40]} 19.
f4 {[%clk 0:34:28]} 19... Rh5 {[%clk 0:31:02]} 20. Qe2 {[%clk 0:31:52]} 20...
Rf8 {[%clk 0:28:41]} 21. Rf3 {[%clk 0:28:28]} 21... Bf5 {[%clk 0:24:56]} 22.
Rg3 {[%clk 0:25:13]} 22... Qh6 {[%clk 0:25:13]} 23. Ne4 {[%clk 0:25:29]} 23...
Bxe4 {[%clk 0:25:08]} 24. Qxe4 {[%clk 0:25:49]} 24... Bf2 {[%clk 0:25:33]} 25.
Rge3 {[%clk 0:25:14]} 25... Rh4 {[%clk 0:22:18]} 26. Qe7 {[%clk 0:23:31]} 26...
Bxe1 {[%clk 0:21:34]} 27. Rxe1 {[%clk 0:23:36]} 27... Qxf4+ {[%clk 0:21:48]}
28. Kg1 {[%clk 0:23:49]} 28... b6 {[%clk 0:20:31]} 29. Re3 {[%clk 0:22:49]}
29... Rh6 {[%clk 0:20:05]} 30. Re4 {[%clk 0:22:37]} 30... Qd6 {[%clk 0:20:12]}
31. Qg5 {[%clk 0:20:24]} 31... Rg6 {[%clk 0:20:32]} 32. Qf5 {[%clk 0:20:31]}
32... Qg3 {[%clk 0:19:44]} 33. Re2 {[%clk 0:20:46]} 33... Rg5 {[%clk 0:19:16]}
34. Qd7 {[%clk 0:20:40]} 34... h6 {[%clk 0:17:01]} 35. Kf1 {[%clk 0:20:54]}
35... Qh2 {[%clk 0:15:21]} 36. Re8 {[%clk 0:19:54]} 36... Qxg2+ {[%clk 0:14:25]
} 37. Ke1 {[%clk 0:20:13]} 37... Re5+ {[%clk 0:13:40]} 38. Rxe5 {[%clk 0:20:32]
} 38... Qg3+ {[%clk 0:14:07]} 39. Kd2 {[%clk 0:20:53]} 39... Qxe5 { [%clk
0:14:32]} 40. Qc6 {[%clk 0:20:50]} 40... Qxb2+ {[%clk 0:14:48]} 41. Kd1 { [%clk
0:21:03]} 41... Qxa2 {[%clk 0:15:00]} 42. Nd4 {[%clk 0:21:24]} 42... Qa1+
{[%clk 0:15:27]} 0-1

[Event "DEM U12 2018"]
[Site "Willingen GER"]
[Date "2018.05.20"]
[Round "1"]
[White "Phan Trong, Dai"]
[Black "Laux, Dominik"]
[Result "0-1"]
[Termination "normal"]
[Board "7"]
[WhiteElo "1579"]
[BlackElo "1889"]
[WhiteClock "00:39:44"]
[BlackClock "00:42:15"]
[PlyCount "52"]
[WhiteFideId "16236939"]
[BlackFideId "12994219"]
[EventCountry "GER"]
[EventRounds "11"]
[EventType "swiss"]
[EventDate "2018.05.19"]

1. c4 {[%clk 1:15:59]} 1... e5 {[%clk 1:15:43]} 2. Nc3 {[%clk 1:16:24]} 2...
Bb4 {[%clk 1:15:59]} 3. e4 {[%clk 1:13:34]} 3... Bxc3 {[%clk 1:16:19]} 4. bxc3
{[%clk 1:13:55]} 4... d6 {[%clk 1:16:03]} 5. g3 {[%clk 1:13:54]} 5... c5 {
[%clk 1:15:24]} 6. Bg2 {[%clk 1:14:15]} 6... Nc6 {[%clk 1:15:35]} 7. Ne2 {
[%clk 1:14:36]} 7... Nge7 {[%clk 1:14:32]} 8. O-O {[%clk 1:13:27]} 8... O-O {
[%clk 1:14:13]} 9. d3 {[%clk 1:13:34]} 9... f5 {[%clk 1:10:18]} 10. f4 { [%clk
1:13:09]} 10... h6 {[%clk 1:08:00]} 11. Be3 {[%clk 1:09:34]} 11... b6 { [%clk
1:03:31]} 12. Rb1 {[%clk 1:08:34]} 12... Qc7 {[%clk 1:01:43]} 13. Qd2 { [%clk
1:07:04]} 13... Bb7 {[%clk 0:57:56]} 14. Rbd1 {[%clk 1:06:43]} 14... Na5 {[%clk
0:56:28]} 15. exf5 {[%clk 1:02:58]} 15... Bxg2 {[%clk 0:54:29]} 16. Kxg2 {[%clk
1:03:08]} 16... Nxf5 {[%clk 0:53:36]} 17. Bf2 {[%clk 1:00:03]} 17... Qc6+
{[%clk 0:48:56]} 18. Kg1 {[%clk 0:58:45]} 18... e4 {[%clk 0:47:16]} 19. g4
{[%clk 0:54:49]} 19... e3 {[%clk 0:43:48]} 20. Bxe3 {[%clk 0:53:27]} 20... Nh4
{[%clk 0:43:53]} 21. Ng3 {[%clk 0:44:57]} 21... Nf3+ {[%clk 0:43:36]} 22. Rxf3
{[%clk 0:45:18]} 22... Qxf3 {[%clk 0:43:59]} 23. g5 {[%clk 0:40:52]} 23... Rae8
{[%clk 0:43:22]} 24. Ne4 {[%clk 0:40:26]} 24... Nxc4 {[%clk 0:43:08]} 25. dxc4
{[%clk 0:39:25]} 25... Qxe4 {[%clk 0:43:20]} 26. Re1 {[%clk 0:39:44]} 26...
Rxf4 {[%clk 0:42:15]} 0-1

[Event "DEM U12 2018"]
[Site "Willingen GER"]
[Date "2018.05.20"]
[Round "1"]
[White "Farokhi, Keyvan"]
[Black "Amato, Cristiano"]
[Result "1-0"]
[Termination "normal"]
[Board "8"]
[WhiteElo "1844"]
[BlackElo "1681"]
[WhiteClock "00:58:32"]
[BlackClock "00:01:39"]
[PlyCount "149"]
[WhiteFideId "12998630"]
[BlackFideId "12998460"]
[EventCountry "GER"]
[EventRounds "11"]
[EventType "swiss"]
[EventDate "2018.05.19"]

1. c4 {[%clk 1:15:59]} 1... e5 {[%clk 1:15:48]} 2. Nc3 {[%clk 1:16:19]} 2...
Bb4 {[%clk 1:15:56]} 3. g3 {[%clk 1:16:40]} 3... Nf6 {[%clk 1:14:31]} 4. Bg2 {
[%clk 1:16:55]} 4... Bxc3 {[%clk 1:14:17]} 5. bxc3 {[%clk 1:17:05]} 5... c5 {
[%clk 1:13:47]} 6. d3 {[%clk 1:15:09]} 6... Nc6 {[%clk 1:13:08]} 7. Nf3 { [%clk
1:12:56]} 7... b6 {[%clk 1:11:27]} 8. Nxe5 {[%clk 1:12:31]} 8... Qc7 { [%clk
1:09:15]} 9. Nxc6 {[%clk 1:11:51]} 9... dxc6 {[%clk 1:08:55]} 10. Bf4 { [%clk
1:12:02]} 10... Qd7 {[%clk 1:04:13]} 11. O-O {[%clk 1:09:24]} 11... O-O { [%clk
1:02:58]} 12. d4 {[%clk 1:08:47]} 12... Ba6 {[%clk 1:01:51]} 13. Qa4 { [%clk
1:08:09]} 13... Bb7 {[%clk 1:00:01]} 14. dxc5 {[%clk 1:08:05]} 14... b5 { [%clk
0:57:19]} 15. Qc2 {[%clk 1:05:19]} 15... bxc4 {[%clk 0:56:15]} 16. Rfd1 { [%clk
1:05:32]} 16... Qc8 {[%clk 0:54:42]} 17. Bd6 {[%clk 1:03:43]} 17... Re8 { [%clk
0:51:37]} 18. e4 {[%clk 1:02:44]} 18... Qe6 {[%clk 0:46:17]} 19. Rab1 { [%clk
0:51:06]} 19... Bc8 {[%clk 0:31:25]} 20. e5 {[%clk 0:47:33]} 20... Nd5 { [%clk
0:24:36]} 21. Bxd5 {[%clk 0:46:55]} 21... cxd5 {[%clk 0:24:55]} 22. Qd2 { [%clk
0:47:14]} 22... Qh3 {[%clk 0:23:24]} 23. Qxd5 {[%clk 0:45:09]} 23... Bg4 {[%clk
0:22:58]} 24. Re1 {[%clk 0:43:53]} 24... Be6 {[%clk 0:15:35]} 25. Qg2 { [%clk
0:42:25]} 25... Qxg2+ {[%clk 0:11:27]} 26. Kxg2 {[%clk 0:42:47]} 26... Bd5+
{[%clk 0:11:51]} 27. Kg1 {[%clk 0:41:45]} 27... a6 {[%clk 0:11:15]} 28. Red1
{[%clk 0:39:59]} 28... Bc6 {[%clk 0:08:13]} 29. Rb4 {[%clk 0:39:24]} 29... g6
{[%clk 0:06:29]} 30. Rxc4 {[%clk 0:39:08]} 30... Rec8 {[%clk 0:05:17]} 31. Rb4
{[%clk 0:39:11]} 31... Bb5 {[%clk 0:04:53]} 32. c4 {[%clk 0:38:56]} 32... Bc6
{[%clk 0:05:22]} 33. Rb6 {[%clk 0:39:14]} 33... Kg7 {[%clk 0:05:21]} 34. Rd3
{[%clk 0:39:12]} 34... a5 {[%clk 0:05:43]} 35. f4 {[%clk 0:37:19]} 35... a4
{[%clk 0:04:47]} 36. a3 {[%clk 0:37:41]} 36... Kg8 {[%clk 0:04:51]} 37. Kf2 Kg7
38. Ke3 {[%clk 0:35:57]} 38... Ra7 {[%clk 0:03:56]} 39. g4 {[%clk 0:35:29]}
39... Rb7 {[%clk 0:04:06]} 40. Rxb7 {[%clk 0:35:48]} 40... Bxb7 {[%clk 0:04:29]
} 41. g5 {[%clk 0:35:52]} 41... Bc6 {[%clk 0:03:42]} 42. Rd2 {[%clk 0:36:05]}
42... h6 {[%clk 0:02:44]} 43. Be7 {[%clk 0:34:30]} 43... hxg5 {[%clk 0:01:56]}
44. fxg5 {[%clk 0:34:41]} 44... Re8 {[%clk 0:11:37]} 45. Bf6+ {[%clk 0:49:57]}
45... Kf8 {[%clk 0:10:14]} 46. Rd4 {[%clk 0:49:48]} 46... Rc8 {[%clk 0:08:32]}
47. Rd8+ {[%clk 0:48:57]} 47... Rxd8 {[%clk 0:08:55]} 48. Bxd8 {[%clk 0:49:25]}
48... Ke8 {[%clk 0:09:16]} 49. Bb6 {[%clk 0:49:31]} 49... Kd7 {[%clk 0:09:30]}
50. Kf4 {[%clk 0:49:50]} 50... Ke6 {[%clk 0:09:51]} 51. Bc7 {[%clk 0:50:10]}
51... Bb7 {[%clk 0:09:50]} 52. Bd6 {[%clk 0:50:24]} 52... Bc6 {[%clk 0:10:15]}
53. h4 {[%clk 0:50:46]} 53... Bb7 {[%clk 0:10:18]} 54. Kg4 {[%clk 0:51:01]}
54... Bc6 {[%clk 0:10:43]} 55. h5 {[%clk 0:51:24]} 55... gxh5+ {[%clk 0:11:07]}
56. Kxh5 {[%clk 0:51:39]} 56... Bf3+ {[%clk 0:11:27]} 57. Kh6 {[%clk 0:51:55]}
57... Bc6 {[%clk 0:11:42]} 58. g6 {[%clk 0:52:09]} 58... fxg6 {[%clk 0:12:03]}
59. Kxg6 {[%clk 0:52:29]} 59... Be4+ {[%clk 0:12:08]} 60. Kg5 {[%clk 0:52:51]}
60... Bc6 {[%clk 0:12:30]} 61. Kf4 {[%clk 0:53:14]} 61... Kf7 {[%clk 0:10:32]}
62. Ke3 {[%clk 0:53:39]} 62... Ke6 {[%clk 0:10:52]} 63. Kd2 {[%clk 0:54:01]}
63... Kd7 {[%clk 0:11:12]} 64. Kc3 {[%clk 0:54:26]} 64... Ke6 {[%clk 0:09:40]}
65. Kb4 {[%clk 0:54:53]} 65... Kd7 {[%clk 0:09:44]} 66. Ka5 {[%clk 0:55:19]}
66... Ke6 {[%clk 0:09:35]} 67. Kb6 {[%clk 0:55:45]} 67... Be4 {[%clk 0:01:14]}
68. c6 {[%clk 0:55:59]} 68... Bf5 {[%clk 0:00:39]} 69. c7 {[%clk 0:56:17]}
69... Kd7 {[%clk 0:00:54]} 70. Kb7 {[%clk 0:56:38]} 70... Be4+ {[%clk 0:01:03]}
71. Kb8 {[%clk 0:57:02]} 71... Bb7 {[%clk 0:01:19]} 72. Kxb7 {[%clk 0:57:24]}
72... Ke6 {[%clk 0:01:35]} 73. c8=Q+ {[%clk 0:57:47]} 73... Kf7 {[%clk 0:01:31]
} 74. Qf8+ {[%clk 0:58:07]} 74... Ke6 {[%clk 0:01:39]} 75. Qf6+ {[%clk 0:58:32]
} 1-0

[Event "DEM U12 2018"]
[Site "Willingen GER"]
[Date "2018.05.20"]
[Round "1"]
[White "Mimkes, Antal"]
[Black "Haack, Kevin"]
[Result "0-1"]
[Termination "normal"]
[Board "13"]
[WhiteElo "1559"]
[BlackElo "1846"]
[PlyCount "88"]
[WhiteFideId "16265963"]
[BlackFideId "16228715"]
[EventCountry "GER"]
[EventRounds "11"]
[EventType "swiss"]
[EventDate "2018.05.19"]

1. e4 c5 2. Nc3 Nc6 3. f4 d6 4. Nf3 g6 5. g3 Bg7 6. Bg2 Nf6 7. O-O O-O 8. d3
Rb8 9. Rb1 b5 10. h3 b4 11. Ne2 Qa5 12. Ra1 Ba6 13. g4 c4 14. Ng3 cxd3 15. cxd3
b3 16. a3 Nb4 17. Ne1 Rfc8 18. g5 Nd7 19. f5 Nc2 20. fxg6 hxg6 21. Nxc2 bxc2
22. Qf3 Ne5 23. Qf4 Bxd3 24. Rf2 Qe1+ 25. Kh2 Rb3 26. Nf1 Ng4+ 27. Qxg4 Qxf2
28. Qxc8+ Kh7 29. Be3 Qe2 30. Bd2 Bxe4 31. Qg4 Qxg4 32. hxg4 Be5+ 33. Kg1 Bxg2
34. Kxg2 Bxb2 35. Re1 Rxa3 36. Kf2 Ra2 37. Ne3 c1=Q 38. Bxc1 Bxc1+ 39. Kf1 Bxe3
40. Rxe3 e6 41. Rc3 Ra5 42. Rc7 Kg7 43. Kf2 Rxg5 44. Rxa7 Rxg4 0-1

[Event "DEM U12 2018"]
[Site "Willingen GER"]
[Date "2018.05.20"]
[Round "1"]
[White "Huo, Da"]
[Black "Sallandt, Frido"]
[Result "0-1"]
[Termination "normal"]
[Board "14"]
[WhiteElo "1686"]
[BlackElo "1524"]
[PlyCount "116"]
[WhiteFideId "16221206"]
[BlackFideId "16231767"]
[EventCountry "GER"]
[EventRounds "11"]
[EventType "swiss"]
[EventDate "2018.05.19"]

1. e4 e6 2. d4 d5 3. Nd2 Nf6 4. e5 Nfd7 5. Bd3 c5 6. c3 Nc6 7. Ne2 cxd4 8. cxd4
f6 9. exf6 Nxf6 10. O-O Bd6 11. Nf3 O-O 12. Re1 Qb6 13. a3 Bd7 14. Nc3 Rae8 15.
Bf1 Ng4 16. Be3 Na5 17. b4 Nc6 18. Na4 Qc7 19. g3 Ne7 20. Nc5 Nf5 21. Kg2
Nfxe3+ 22. fxe3 Nxh2 23. Nxh2 Bxg3 24. Nf3 Bxe1 25. Qxe1 Rf6 26. Ne5 Bc8 27.
Rc1 Qe7 28. Be2 Ref8 29. Bf3 Rf5 30. Kf2 b6 31. Ncd3 Ba6 32. Rd1 Qh4+ 33. Ke2
Qxe1+ 34. Kxe1 Rxf3 35. Nxf3 Rxf3 36. Kd2 Bxd3 37. Kxd3 g5 38. Rg1 Rf5 39. a4
h5 40. e4 dxe4+ 41. Kxe4 a5 42. bxa5 bxa5 43. Rc1 Kf7 44. Rc7+ Kf6 45. Rb7 h4
46. Rb3 Rf4+ 47. Ke3 h3 48. Rb2 Rh4 49. Rf2+ Kg6 50. Rh2 Kf5 51. Rf2+ Kg4 52.
Rf1 h2 53. Rh1 Kg3 54. d5 exd5 55. Ke2 Kg2 56. Ke3 Kxh1 57. Kf3 Kg1 58. Kg3 d4
0-1

[Event "DEM U12 2018"]
[Site "Willingen GER"]
[Date "2018.05.20"]
[Round "1"]
[White "Stepanov, Maximilian"]
[Black "Garner, Isaac"]
[Result "1-0"]
[Termination "normal"]
[Board "15"]
[WhiteElo "1300"]
[BlackElo "1751"]
[PlyCount "55"]
[WhiteFideId "16244680"]
[BlackFideId "16239261"]
[EventCountry "GER"]
[EventRounds "11"]
[EventType "swiss"]
[EventDate "2018.05.19"]

1. d4 d5 2. c4 e6 3. Nc3 Nf6 4. Nf3 dxc4 5. Qa4+ c6 6. Qxc4 b5 7. Qb3 a6 8. Bf4
Nbd7 9. e3 Be7 10. Ne5 Qb6 11. h3 Bb7 12. Be2 c5 13. Nxd7 Nxd7 14. d5 c4 15.
Qd1 e5 16. Bg3 O-O 17. e4 Bd6 18. O-O Nc5 19. Kh1 f5 20. exf5 Rxf5 21. Bg4 Rff8
22. f3 Nd3 23. Be6+ Kh8 24. Qd2 Qd4 25. Bf2 Qf4 26. Be3 Qg3 27. Ne4 Qg6 28.
Nxd6 1-0

[Event "DEM U12 2018"]
[Site "Willingen GER"]
[Date "2018.05.20"]
[Round "1"]
[White "Werner, Denis"]
[Black "Sinnhöfer, Joshua"]
[Result "1-0"]
[Termination "normal"]
[Board "16"]
[WhiteElo "1706"]
[BlackElo "1536"]
[PlyCount "79"]
[WhiteFideId "16226429"]
[BlackFideId "16201361"]
[EventCountry "GER"]
[EventRounds "11"]
[EventType "swiss"]
[EventDate "2018.05.19"]

1. e4 e5 2. Nf3 Nc6 3. Nc3 Nf6 4. d4 exd4 5. Nxd4 Bb4 6. Nxc6 bxc6 7. Bd3 O-O
8. O-O Re8 9. Bg5 h6 10. Bh4 g5 11. Bg3 Bxc3 12. bxc3 Nxe4 13. Qh5 Kg7 14. Bxe4
Rxe4 15. f4 Qe7 16. fxg5 hxg5 17. Rae1 d5 18. Rxe4 dxe4 19. Be5+ f6 20. Bxf6+
Qxf6 21. Rxf6 Kxf6 22. Qh6+ Kf5 23. Qxc6 Rb8 24. Qxc7 Rb1+ 25. Kf2 Be6 26. Qc5+
Kf6 27. Qxa7 Rb2 28. Qd4+ Kf7 29. Qxe4 Bxa2 30. c4 Bb1 31. Qf5+ Kg8 32. Qg6+
Kf8 33. Qf6+ Ke8 34. Qxb2 Bxc2 35. Qxc2 Kd8 36. Qh7 g4 37. c5 Kc8 38. c6 g3+
39. Ke3 gxh2 40. Qd7+ 1-0

[Event "DEM U12 2018"]
[Site "Willingen GER"]
[Date "2018.05.20"]
[Round "1"]
[White "Schwartz, Oliver"]
[Black "Hagenbeck-Hübert, Ben"]
[Result "1-0"]
[Termination "time forfeit"]
[Board "17"]
[WhiteElo "1651"]
[BlackElo "1760"]
[PlyCount "55"]
[WhiteFideId "16207459"]
[BlackFideId "16230779"]
[EventCountry "GER"]
[EventRounds "11"]
[EventType "swiss"]
[EventDate "2018.05.19"]

1. e4 e5 2. Nf3 Nc6 3. Bc4 Nf6 4. d3 Bc5 5. c3 Bb6 6. Nbd2 O-O 7. O-O d5 8.
exd5 Nxd5 9. Re1 Nf4 10. Ne4 Ng6 11. Ng3 Na5 12. Bb5 Be6 13. Nxe5 Nxe5 14. Rxe5
Bxf2+ 15. Kh1 a6 16. Ba4 b5 17. Bc2 Nc6 18. Rh5 Re8 19. Bf4 Qd7 20. h3 Bxg3 21.
Bxg3 Bf5 22. Qf3 g6 23. Rh4 Ne5 24. Bxe5 Rxe5 25. Qxa8+ Kg7 26. Qf3 Qe7 27. Rf4
Re3 28. Qd5 {Zeitueberschreitung} 1-0

[Event "DEM U12 2018"]
[Site "Willingen GER"]
[Date "2018.05.20"]
[Round "1"]
[White "Neuber, Pascal"]
[Black "Hoffmann, Kay"]
[Result "1-0"]
[Termination "normal"]
[Board "18"]
[WhiteElo "1782"]
[BlackElo "1247"]
[PlyCount "48"]
[WhiteFideId "16227611"]
[BlackFideId "16227000"]
[EventCountry "GER"]
[EventRounds "11"]
[EventType "swiss"]
[EventDate "2018.05.19"]

1. e4 d5 2. exd5 Qxd5 3. Nc3 Qd6 4. d4 Nf6 5. Nf3 c6 6. Ne5 Nbd7 7. Nc4 Qc7 8.
Qf3 Nb6 9. Bf4 Qd8 10. Be5 Nbd5 11. Nxd5 Qxd5 12. Qa3 e6 13. Bd6 Nd7 14. O-O-O
b5 15. Bxf8 Rxf8 16. Nd6+ Kd8 17. c4 bxc4 18. Bxc4 Qxg2 19. Rhg1 Qxf2 20. Rgf1
Qxh2 21. Nxf7+ Ke8 22. Rde1 Nb6 23. Nd6+ Kd7 24. Rxf8 Nxc4 1-0

[Event "DEM U12 2018"]
[Site "Willingen GER"]
[Date "2018.05.20"]
[Round "1"]
[White "Hecht, Jonas Christian"]
[Black "Gerdes, Jannes"]
[Result "1-0"]
[Termination "normal"]
[Board "20"]
[WhiteElo "1678"]
[BlackElo "1492"]
[PlyCount "55"]
[WhiteFideId "16214846"]
[BlackFideId "16254627"]
[EventCountry "GER"]
[EventRounds "11"]
[EventType "swiss"]
[EventDate "2018.05.19"]

1. c4 c5 2. Nc3 Nc6 3. Nf3 Nf6 4. g3 g6 5. Bg2 Bg7 6. O-O O-O 7. d3 d6 8. Bd2
a6 9. Rb1 Rb8 10. Qb3 Bd7 11. a4 Qe8 12. Nd5 Nxd5 13. cxd5 Nd4 14. Nxd4 Bxa4
15. Qb6 Bxd4 16. b3 Bb5 17. Ba5 Bg7 18. b4 cxb4 19. Rxb4 Bc3 20. Rxb5 Bd4 21.
Qxd4 Qxb5 22. Bc3 f6 23. Bh3 a5 24. Be6+ Kg7 25. g4 h6 26. h4 Qa6 27. h5 g5 28.
Qe4 1-0